LIBRARY & INFORMATION CENTRE, KCAET, TAVANUR

ONLINE PUBLIC ACCESS CATALOGUE (OPAC)

Numerical methods for scientific and engineering computation / (Record no. 9612)

MARC details
000 -LEADER
fixed length control field 00625cam a2200241ua 4500
020 ## - INTERNATIONAL STANDARD BOOK NUMBER
ISBN 0 85226 434 8
041 ## - LANGUAGE CODE
Language code of text/sound track or separate title eng
082 ## - DEWEY DECIMAL CLASSIFICATION NUMBER
Classification number 511
Item number JAI/NU
100 ## - MAIN ENTRY--AUTHOR NAME
Personal name Jain, M K .
245 ## - TITLE STATEMENT
Title Numerical methods for scientific and engineering computation /
250 ## - EDITION STATEMENT
Edition statement 2 /
260 ## - PUBLICATION, DISTRIBUTION, ETC. (IMPRINT)
Place of publication New Delhi :
Name of publisher Wiley Eastern Ltd ,
Year of publication 1989.
300 ## - PHYSICAL DESCRIPTION
Number of Pages 470 ; .
700 1# - ADDED ENTRY--PERSONAL NAME
Personal name Iyyenkar, S R K .
700 1# - ADDED ENTRY--PERSONAL NAME
Personal name Jain, R K .
942 ## - ADDED ENTRY ELEMENTS (KOHA)
Koha item type Books
Holdings
Withdrawn status Lost status Damaged status Home library Current library Date acquired Full call number Accession Number Koha item type
      KAUAET KAUAET 07/04/2012 511 16565 Books
      KAUAET KAUAET 07/04/2012 511 21337 Books
      KAUAET KAUAET 07/04/2012 511 21437 Books
      KAUAET KAUAET 07/04/2012 511 21841 Books
free website counter